Avropa İttifaqı ölkələri - Armageddon - Statistics

General Stats
  • This quiz has been taken 27 times
  • The average score is 5 of 27
Answers on the Grid
Answers color-coded by a green-red scale on the quiz's grid according to % correct below.
Albaniya
Almaniya
Andorra
Avstriya
Azərbaycan
Belarus
Belçika
Bolqarıstan
Bosniya və Herseqovina
Çexiya
Danimarka
Ermənistan
Estoniya
Finlandiya
Fransa
Gürcüstan
Xorvatiya
İrlandiya
İslandiya
İspaniya
İsveç
İsveçrə
İtaliya
Kipr
Kosovo
Latviya
Lixtenşteyn
Litva
Lüksemburq
Macarıstan
Malta
Moldova
Monako
Monteneqro
Niderland
Norveç
Polşa
Portuqaliya
Rumıniya
Rusiya
San-Marino
Serbiya
Slovakiya
Sloveniya
Şimali Makedoniya
Türkiyə
Ukrayna
Yunanıstan
 
Answer Stats
Answer % Correct
Almaniya
69%
Danimarka
46%
Belçika
38%
Çexiya
38%
Avstriya
31%
Bolqarıstan
31%
Finlandiya
31%
İspaniya
31%
Xorvatiya
31%
İtaliya
23%
Lüksemburq
23%
Fransa
15%
İrlandiya
15%
Niderland
15%
Polşa
15%
Latviya
8%
Litva
8%
Macarıstan
8%
Rumıniya
8%
Slovakiya
8%
İsveç
0%
Kipr
0%
Malta
0%
Monako
0%
Portuqaliya
0%
Sloveniya
0%
Yunanıstan
0%
No matching quizzes found
Score Distribution
Percent of People with Each Score
Percentile by Number Answered
Your Score History
You have not taken this quiz